000
00329 a2200157 4500
001
52249
020
_a
040
_c
Anchieta - Pituba
100
_a
Dulce
240
1
0
_a
2ª História, II unidade
_l
por
245
1
0
_a
2ª História, II unidade
300
_a
8
362
0
_a
2013
650
4
_a
História do mundo
942
_c
BK
999
_c
52249
_d
52249